You can't take a balloon into the metropolitan museum / (Record no. 9461)

MARC details
000 -LEADER
fixed length control field 01245nam a22003137a 4500
001 - CONTROL NUMBER
control field 9461
003 - CONTROL NUMBER IDENTIFIER
control field FISKH
005 - DATE AND TIME OF LATEST TRANSACTION
control field 20260113123241.0
008 - FIXED-LENGTH DATA ELEMENTS--GENERAL INFORMATION
fixed length control field 260113b cb ||||| |||| 00| 0 eng d
020 ## - INTERNATIONAL STANDARD BOOK NUMBER
International Standard Book Number 9780140568165
040 ## - CATALOGING SOURCE
Original cataloging agency FISKH
Language of cataloging eng
Transcribing agency FISKH
Modifying agency FISKH
050 ## - LIBRARY OF CONGRESS CALL NUMBER
Classification number PZ7.W4481843 Y
082 ## - DEWEY DECIMAL CLASSIFICATION NUMBER
Classification number 813.0872
100 ## - MAIN ENTRY--PERSONAL NAME
Personal name Weitzman , Jacqueline Preiss
245 ## - TITLE STATEMENT
Title You can't take a balloon into the metropolitan museum /
Statement of responsibility, etc. story by Jacqueline Preiss Weitzman ; pictures by Robin Preiss Glasser
260 ## - PUBLICATION, DISTRIBUTION, ETC.
Place of publication, distribution, etc. New York :
Name of publisher, distributor, etc. Puffin Books ,
Date of publication, distribution, etc. 1998 .
300 ## - PHYSICAL DESCRIPTION
Extent 37 pages :
Other physical details color illustrations ;
Dimensions 28 cm .
490 ## - SERIES STATEMENT
Series statement You Can't Take a Balloon into...
505 ## - FORMATTED CONTENTS NOTE
Formatted contents note K <br/>
520 ## - SUMMARY, ETC.
Summary, etc. In this wordless story, a young girl and her grandmother view works inside the Metropolitan Museum of Art, while the balloon she has been forced to leave outside floats around New York City causing a series of mishaps that mirror scenes in the museum's artworks.
521 8# - TARGET AUDIENCE NOTE
Target audience note 510 <br/>
Source Lexile estimate <br/>
521 8# - TARGET AUDIENCE NOTE
Target audience note K <br/>
Source Raz-Plus <br/>
650 ## - SUBJECT ADDED ENTRY--TOPICAL TERM
Topical term or geographic name entry element Museums
Form subdivision Fiction
650 ## - SUBJECT ADDED ENTRY--TOPICAL TERM
Topical term or geographic name entry element Metropolitan of Art
Form subdivision Fiction
650 ## - SUBJECT ADDED ENTRY--TOPICAL TERM
Topical term or geographic name entry element Balloons
Form subdivision Fiction
700 ## - ADDED ENTRY--PERSONAL NAME
Personal name Glasser , Robin Preiss
Relator term Illustrator
942 ## - ADDED ENTRY ELEMENTS (KOHA)
Source of classification or shelving scheme Dewey Decimal Classification
Koha item type Books
Suppress in OPAC No
Holdings
Withdrawn status Lost status Source of classification or shelving scheme Damaged status Not for loan Collection Home library Current library Shelving location Date acquired Total Checkouts Full call number Barcode Date last seen Price effective from Koha item type
    Dewey Decimal Classification     Juvenile Fiction Footprints International School Library Network Toul Tom Poung Campus Footprints International School Library Network Toul Tom Poung Campus TTP Primary Yellow Bookshelves 01/13/2026   WEI 813.0872 PZ7.W4481843 Y FIS03736 01/13/2026 01/13/2026 Books